Responses for show #8107 - Tuesday, December 3, 2019

Contestants

Theodore Conrad, an urban planner from San Francisco, California

Stephanie Sumulong, a middle school social studies teacher from Fort Collins, Colorado

Alex Damisch, a data scientist from Chicago, Illinois (whose 3-day cash winnings total $33,549)

Jeopardy! Round responses

WHAT'S FOR BREAKFAST?
CLASSIC NOVELS
MOTORCYCLE MAKERS
WORDS & THEIR MEANINGS
BROADWAY NAMES
STATE OF THE LOTTO SCRATCHER
(Alex Trebek: You identify the state for us.)
    $200 9
a burrito

Stephanie
    $200 2
The Swiss Family Robinson

Stephanie
    $200 24
Harley-Davidson

Stephanie
    $200 18
a felony

Theodore
    $200 14
Man of La Mancha

Alex
    $200 19
Indiana

Alex
    $400 10
(Theodore: What is bread pudding?)

French toast

StephanieTheodore
    $400 3
The Scarlet Letter

Alex
    $400 25
BMW

Theodore
    $400 7
latitude

Triple Stumper
    $400 17
Bob Fosse

Stephanie
    $400 20
Wisconsin

Stephanie
    $600 11
Aunt Jemima

Alex
    $400 8
(Theodore: [Shakes head no])

The Bell Jar

Theodore
    $600 28
Triumph

Theodore
    $600 5
kingpin (headpin)

Alex
    $600 13
Equus

Stephanie
    $600 21
(Stephanie: What is Vermont?)

New Hampshire

StephanieTheodore
    $800 29
(Theodore: What is sausage?)
(Stephanie: What is bacon?)
(Alex Trebek: Be more specific.)

Canadian bacon

StephanieTheodore
    $800 1
East of Eden

Stephanie
    $800 27
Kawasaki

Theodore
    $800 6
censure

Theodore
    $800 16
(Stephanie: Who is Phyllis Diller?)
(Alex Trebek: Oh, no.)

Carol Channing

Stephanie
Triple Stumper
    $800 22
(Theodore: What is Tennessee?

Kentucky

Theodore
Triple Stumper
    $1000 30
Trix & Kix

Theodore
    $1000 4
Anna Karenina

Alex
    $1000 26
Ducati

Theodore
    $1000 12
jocular

Triple Stumper
    $1000 15
Al Hirschfeld

Triple Stumper
    $1000 23
Connecticut

Stephanie

Scores at the first commercial break (after clue 15):

Alex Stephanie Theodore
$2,800 $2,200 $0

Scores at the end of the Jeopardy! Round:

Alex Stephanie Theodore
$3,000 $3,600 $3,000

Double Jeopardy! Round responses

NOT-SO-EASY KIDS' TV
DOPPELHANGERS
WHEN I WAS SECRETARY OF STATE...
ANIMAL MALADIES
ALL ABOUT EVE
IN EXTREMIS
(Alex Trebek: Each correct response will be made up of the letters in the word "extremis".)
    $400 23
My Little Pony

Alex
    $400 10
Picasso

Alex
    $400 21
(John Foster) Dulles

Alex
    $400 6
a tail

Theodore
    $400 13
a rib

Alex
    $400 3
a meter

Triple Stumper
    $800 27
Paw Patrol

Alex
    $800 11
fake

Theodore
    $3,000 20
Seward

Stephanie
    $800 5
cardiovascular disease

Stephanie
    $800 14
The Talk

Stephanie
    $800 4
seer

Triple Stumper
    $1200 22
Michelangelo

Stephanie
    $1200 1
(Hermann) Goering

Alex
    $1200 17
(Rex) Tillerson

Theodore
    $1200 7
parrot

Triple Stumper
    $1200 15
(Theodore: What is MI5?)

MI6

AlexTheodore
    $1200 24
merit

Triple Stumper
    $1600 28
Sid

Stephanie
    $1600 2
Christie's & Sotheby's

Theodore
    $1600 18
Hillary Clinton

Triple Stumper
    $1600 8
a hoof

Theodore
    $3,000 16
Mitochondrial Eve

Alex
    $1600 25
a miter

Triple Stumper
    $2000 29
(Theodore: Who is Scruff McGruff?)

Rin Tin Tin

Theodore
Triple Stumper
    $2000 12
(Alex Damisch: Who is Ingres?)

Matisse

AlexTheodore
    $2000 19
Kissinger

Stephanie
    $2000 9
(Theodore: What are fleas?)

mites

Theodore
Triple Stumper
    $2000 30
Margo Channing

Triple Stumper
    $2000 26
smite

Stephanie

Scores at the end of the Double Jeopardy! Round:

Alex Stephanie Theodore
$8,800 $15,000 $5,400

[wagering suggestions for these scores]

Final Jeopardy! Round responses

LITERARY NEW YORK CITY
TheodoreWhat the Apollo The
$5,300
AlexWhat is a Gatsby party?
$6,412
StephanieWhat is Saturday Night Live?
$2,601
Algonquin Round Table

Final scores:

Alex Stephanie Theodore
$2,388 $12,399 $100
2nd place: $2,000 New champion: $12,399 3rd place: $1,000

Game dynamics:

Coryat scores:

Alex Stephanie Theodore
$7,400 $12,800 $5,800
14 R
(including 1 DD),
1 W
17 R
(including 1 DD),
2 W
14 R,
7 W
(including 1 DD)

Combined Coryat: $26,000

The J! Archive is created by fans, for fans. The Jeopardy! game show and all elements thereof, including but not limited to copyright and trademark thereto, are the property of Jeopardy Productions, Inc. and are protected under law. This website is not affiliated with, sponsored by, or operated by Jeopardy Productions, Inc. Join the discussion at JBoard.tv.